000 00803nam a2200241 a 4500
001 000020581
003 DO-SdBNP
005 20260305073950.0
007 ta
008 100810s 2017 dr r 000 0 spa d
020 _a9789945088526
040 _aDO-SdBNP
_bspa
_cBNPHU
082 4 _aBNPHU
_bB828j
100 1 _aBrea Tió, Héctor
_943310
245 1 0 _aJosé Martí, Máximo Gómez y Ceferina Chávez :
_bapuntes históricos y genealógicos /
_cHéctor Brea Tió ; pròlogo de Frank Moya Pons
260 _aSanto Domingo :
_bBùho,
_c2017.
300 _a277 p. :
_bil. ;
_c26 cm
500 _aIncluye datos biográficos del autor en las solapas
504 _aBibliografías : p. 275-277
590 _aInventariado, 2021/BT
700 1 _aMoya Pons, Frank,
_d1944-
_ePrólogo
_92095
942 _2ddc
_cLBS1
999 _c20085
_d20085